000 00267nam a2200121Ia 4500
008 190216s9999||||xx |||||||||||||| ||und||
100 _aIreland G W
245 0 _aGuide
260 _bOliver And Boyd
_c1963
300 _a112
650 _aEnglish Stories
942 _cBK
999 _c12461
_d12461